000 00986nam a22003490a 4500
001 PT38952
003 AR-LpoUNG
005 20220820115833.0
008 220820s1997||||xxu|||||||||||||||||eng d
020 _a13978198604754
040 _aAR-LpoUNG
_bspa
_cAR-LpoUNG
_eaacr
041 _aeng
_aspa
044 _axxu
082 0 _aR423 156oxf
100 1 _aGalimberti Jarman, Beatriz
_eed.
245 1 4 _aThe Oxford spanish dictionary :
_bspanish - english : english - spanish
250 _a3ra. ed.
260 _aNew York :
_bOxford University,
_c2003.
300 _a1977 p. :
_bgráfs., tbls
650 4 _aDICCIONARIOS
650 4 _aLENGUA INGLESA
650 4 _aLEXICOGRAFIA
650 4 _aMATERIAL DE REFERENCIA
650 4 _aTERMINOLOGIA
653 _aDICCIONARIOS BILINGÜES
653 _aDICCIONARIOS DE INGLES
700 1 _aCarvajal, Carol Styles
_eed.
700 1 _aHorwood, Jane
_eed.
700 1 _aRussell, Roy
_eed.
905 _a17391
942 _cLSALA
_2ddc
999 _c17271
_d17271